000 01124nam a2200349 i 4500
001 46958
003 KOSZ 005
005 20220331131654.0
008 051117s2005 pl f |000 0 pol d
020 _a8373781684
040 _cKOSZ 005
_aKOSZ 005
_dKOSZ 005/HR
041 0 _apol
046 _k2005
080 _a519.21
080 _a(075.8)
100 1 _aDędys, Monika
_eAutor
245 1 0 _aProcesy stochastyczne? /
_cMonika Dędys, Sławomir Dorosiewicz.
260 _aWarszawa :
_bSzkoła Główna Handlowa,
_c2005.
300 _a274 s. ;
_c24 cm.
380 _aKsiążki
388 _a2001-
504 _aBibliogr.
650 7 _aProcesy stochastyczne
650 7 _aŁańcuch Markowa
650 7 _aRachunek prawdopodobieństwa
655 7 _aPodręczniki akademickie
658 _aMatematyka
700 1 _aDorosiewicz, Sławomir
_eAutor
710 2 _aOficyna Wydawnicza (Szkoła Główna Handlowa ; Warszawa)
_4pbl
856 _uhttp://koha.tu.koszalin.pl/cgi-bin/koha/opac-detail.pl?biblionumber=46958
_yKatalog online BPK
942 _cKS
_2UKD
999 _c46958
_d46958